000 00896cam a2200289Mi 4500
001 93097
005 20230410101649.0
008 060629s2005 ht 000 0 fre d
035 _a(OCoLC)ocn255648246
040 _aGyGoGBV
_erakwb
_bger
_cGBVCP
020 _a9993528676
020 _a9789993528678
035 _a(OCoLC)255648246
050 1 4 _a110 F 1928.2
_bJ43p 2005
100 1 _aJean-Francois, Hérold,
_d1956-
245 1 0 _aPacte de la renaissance /
_cHérold Jean-Francois.
260 _aPétionville, Haiti :
_bMédiatek,
_c2005.
300 _aviii, 72 p. ;
_c21 cm.
651 0 _aHaiti
_xPolitics and government
_y1986-
651 0 _aHaiti
_xSocial conditions
_y1971-
651 0 _aHaiti
_xEconomic conditions
_y1971-
651 4 _aHaiti
_xPolítica y gobierno
_y1986-
651 4 _aHaiti
_xCondiciones sociales
_y1971-
942 _2lcc
_cbk
946 _aRCH
994 _aC0
_bDRFGD
999 _c11816
_d11816